000 00562nam a2200205Ia 4500
999 _c3128
_d3128
020 _a0-333-98722-5
082 _a338.947905 PRI;
100 _aBluth, Christoph
245 0 _aPrivatisation and structural change in transition economies
260 _aHampshire
_bPalgrave Macmillan
_c2003
300 _axvii, 258p.
440 _aEuro-Asian studies
504 _aIncludes index
650 _aPrivatization - Case studies
650 _aEconomics
650 _aEconomic policy
700 _aKalyuzhnova, Yelena
700 _aAndreff, Wladimir
942 _cBK